[Event "Sri Lanka National B Chess Championship 2015"]
[Site "SLIIT, Malabe"]
[Date "2015.06.19"]
[Round "1"]
[Board "3"]
[White "Doluweera, Minul Sanjula"]
[Black "Madusanka, L D P"]
[Result "1-0"]
[WhiteElo "2046"]
[BlackElo "1737"]
[PlyCount "99"]
[EventDate "2015.06.19"]
[EventRounds "10"]
[EventCountry "SRI"]

1. c4 f5 2. Nc3 Nf6 3. Nf3 e6 4. d4 Be7 5. Qc2 c6 6. Bf4 d5 7. e3 O-O 8. Bd3
Ne4 9. g4 Nd7 10. gxf5 exf5 11. cxd5 cxd5 12. Nxd5 Qa5+ 13. Ke2 Bd6 14. Bxd6
Nxd6 15. Nf4 Nf6 16. Qc3 Qb6 17. Qb3+ Qxb3 18. axb3 Nde4 19. Bc4+ Kh8 20. Ne5
g5 21. Ne6 Bxe6 22. Bxe6 f4 23. f3 Nd6 24. e4 Nb5 25. Rhd1 Kg7 26. Nd7 Rfd8 27.
Nxf6 Kxf6 28. d5 Ke5 29. Ra4 Rd6 30. h4 h6 31. Rb4 a6 32. Kf2 Nc7 33. Bg4 b5
34. Rbd4 h5 35. Bf5 gxh4 36. R4d2 Rg8 37. Rc2 Rg7 38. Rh1 Nxd5 39. Rc5 Kf6 40.
Bh3 Nb4 41. e5+ Kg6 42. Bf5+ Kxf5 43. exd6+ Ke6 44. Rd1 h3 45. Rxh5 Nc2 46.
Rxh3 Ne3 47. Rh6+ Kd7 48. Rg1 Rxg1 49. Kxg1 Nd1 50. Rh2 1-0

[Event "Sri Lanka National B Chess Championship 2015"]
[Site "SLIIT, Malabe"]
[Date "2015.06.19"]
[Round "1"]
[Board "4"]
[White "Hettiarachchi, C U"]
[Black "Edirisinghe, Dulan"]
[Result "0-1"]
[WhiteElo "1715"]
[BlackElo "2035"]
[PlyCount "88"]
[EventDate "2015.06.19"]
[EventRounds "10"]
[EventCountry "SRI"]

1. d4 Nf6 2. Nf3 e6 3. Bf4 c5 4. e3 Qb6 5. Nc3 Nc6 6. Nb5 Nd5 7. Bg3 a6 8. c4
axb5 9. cxd5 Qa5+ 10. Nd2 exd5 11. dxc5 Bxc5 12. a3 O-O 13. Rc1 Be7 14. Bd3 b4
15. O-O bxa3 16. bxa3 g6 17. e4 dxe4 18. Nc4 Qa4 19. Bxe4 Bxa3 20. Bxc6 Qxd1
21. Rcxd1 bxc6 22. Ra1 Ba6 23. Nxa3 Bxf1 24. Kxf1 Ra4 25. Nc2 Rxa1+ 26. Nxa1 f5
27. Be5 Kf7 28. Nb3 Ra8 29. Nc1 Ke6 30. f4 Ra4 31. g3 d6 32. Bc3 Kd5 33. Ke2
Kc4 34. Bd2 Ra1 35. h4 Ra3 36. Be3 c5 37. Kd2 d5 38. Bf2 d4 39. Be1 Kd5 40. Bf2
Ke4 41. Ke2 c4 42. Kd2 Ra1 43. Kc2 d3+ 44. Kd2 c3+ 0-1

[Event "Sri Lanka National B Chess Championship 2015"]
[Site "SLIIT, Malabe"]
[Date "2015.06.19"]
[Round "1"]
[Board "5"]
[White "Jayasundara, P K U M"]
[Black "Ekanayake, A M B"]
[Result "1-0"]
[WhiteElo "2031"]
[BlackElo "1707"]
[PlyCount "90"]
[EventDate "2015.06.19"]
[EventRounds "10"]
[EventCountry "SRI"]

1. e4 c5 2. Nc3 e6 3. g3 d5 4. exd5 exd5 5. Bg2 Nf6 6. d3 Be7 7. Nge2 O-O 8.
O-O Nc6 9. h3 Be6 10. Nf4 Qd7 11. Nxe6 fxe6 12. Ne2 Bd6 13. Bf4 Bxf4 14. Nxf4
e5 15. Ne2 Rae8 16. Nc1 e4 17. dxe4 Nxe4 18. Nd3 b6 19. Nf4 d4 20. Qd3 Nf6 21.
Qb5 Ne5 22. Qxd7 Nfxd7 23. Bd5+ Kh8 24. Rae1 Nf6 25. Bg2 g5 26. Nd5 Nxd5 27.
Bxd5 Kg7 28. Kg2 b5 29. Re4 Re7 30. Rfe1 Rfe8 31. f4 Ng6 32. fxg5 Rxe4 33. Rxe4
Rxe4 34. Bxe4 Ne5 35. Kf2 Nc4 36. Bd3 Nxb2 37. Bxb5 Nd1+ 38. Kf3 Nc3 39. Bc4
Kg6 40. h4 a5 41. g4 Nd1 42. Kf4 Ne3 43. Bd3+ Kg7 44. h5 c4 45. Be4 Kf7 1-0

[Event "Sri Lanka National B Chess Championship 2015"]
[Site "SLIIT, Malabe"]
[Date "2015.06.19"]
[Round "1"]
[Board "6"]
[White "Kandearachchi, Jayanga"]
[Black "Peiris, T S S"]
[Result "0-1"]
[WhiteElo "1698"]
[BlackElo "2026"]
[PlyCount "62"]
[EventDate "2015.06.19"]
[EventRounds "10"]
[EventCountry "SRI"]

1. d4 d5 2. Nf3 Nf6 3. c3 e6 4. Bg5 Bd6 5. e3 Nbd7 6. Bd3 b6 7. Nbd2 Bb7 8. Qa4
O-O 9. O-O c5 10. Rfe1 Qc7 11. Bxf6 Nxf6 12. dxc5 bxc5 13. Qh4 e5 14. e4 dxe4
15. Nxe4 Nxe4 16. Bxe4 Bxe4 17. Qxe4 Rae8 18. Rad1 Re6 19. h3 Qe7 20. Rd5 Kh8
21. Nxe5 Kg8 22. f4 f6 23. Qc4 Rf7 24. Rxd6 Qxd6 25. Nxf7 Rxe1+ 26. Kf2 Qd2+
27. Kg3 Qe3+ 28. Kh2 Qg1+ 29. Kg3 Re3+ 30. Kh4 Qf2+ 31. Kh5 g6+ 0-1

[Event "Sri Lanka National B Chess Championship 2015"]
[Site "SLIIT, Malabe"]
[Date "2015.06.19"]
[Round "1"]
[Board "7"]
[White "Bhagya, Viman"]
[Black "Lakshitha, H H Sasindu"]
[Result "0-1"]
[WhiteElo "2023"]
[BlackElo "1689"]
[PlyCount "92"]
[EventDate "2015.06.19"]
[EventRounds "10"]
[EventCountry "SRI"]

1. d4 Nf6 2. c4 g6 3. Nf3 Bg7 4. g3 O-O 5. Bg2 d6 6. O-O Nbd7 7. Nc3 Re8 8. e4
e5 9. h3 h6 10. dxe5 dxe5 11. b3 c6 12. Qc2 Qc7 13. Rd1 b6 14. Be3 Bb7 15. Nd2
Bf8 16. a3 Kh7 17. b4 a5 18. Qb2 axb4 19. axb4 Rxa1 20. Rxa1 Ra8 21. Rxa8 Bxa8
22. Qa3 Bb7 23. c5 bxc5 24. bxc5 Qb8 25. Nc4 Qa8 26. Qb3 Kg7 27. Na4 Ba6 28.
Nab6 Bxc4 29. Qxc4 Qa5 30. Na4 Ne8 31. h4 Nef6 32. Bh3 h5 33. Qc2 Qb4 34. Kh2
Ng4+ 35. Bxg4 hxg4 36. Kg2 Nf6 37. Nb6 Nxe4 38. Nd7 f6 39. Qc1 Be7 40. Bh6+ Kf7
41. Qc2 Nxc5 42. Nxc5 Qxc5 43. Qb1 Qd5+ 44. Kh2 c5 45. h5 e4 46. Qb8 Qxh5+ 0-1

[Event "Sri Lanka National B Chess Championship 2015"]
[Site "SLIIT, Malabe"]
[Date "2015.06.19"]
[Round "1"]
[Board "8"]
[White "Marasinghe, H N B"]
[Black "Wijekoon, Chandana"]
[Result "1/2-1/2"]
[WhiteElo "1677"]
[BlackElo "2007"]
[PlyCount "72"]
[EventDate "2015.06.19"]
[EventRounds "10"]
[EventCountry "SRI"]

1. e4 d5 2. exd5 Qxd5 3. Nc3 Qd6 4. d4 Nf6 5. Nf3 a6 6. g3 b5 7. Bg2 Bb7 8. a3
e6 9. O-O Be7 10. Re1 O-O 11. Qd3 Nbd7 12. Be3 c5 13. Rad1 c4 14. Qe2 Rfc8 15.
Bf4 Qb6 16. d5 Nxd5 17. Nxd5 Bxd5 18. Rxd5 exd5 19. Qxe7 Nf6 20. Be3 Qa5 21.
Bd2 Qb6 22. Qe3 Qb7 23. Bc3 Ne4 24. Bd4 Re8 25. Ne5 f6 26. Nf3 a5 27. Qc1 b4
28. Nd2 Nd6 29. Bc5 bxa3 30. Bxa3 Qc6 31. Bxd6 Qxd6 32. Nxc4 dxc4 33. Bxa8 Rxa8
34. Qe3 Rb8 35. Ra1 Qb4 36. b3 cxb3 1/2-1/2

[Event "Sri Lanka National B Chess Championship 2015"]
[Site "SLIIT, Malabe"]
[Date "2015.06.19"]
[Round "1"]
[Board "9"]
[White "Naotunna, Dineth Nimnaka"]
[Black "Wijesinghe, G B"]
[Result "1-0"]
[WhiteElo "2006"]
[BlackElo "1667"]
[PlyCount "66"]
[EventDate "2015.06.19"]
[EventRounds "10"]
[EventCountry "SRI"]

1. e4 d5 2. exd5 Qxd5 3. Nc3 Qd6 4. d4 Nf6 5. Bc4 a6 6. Nf3 b5 7. Bb3 Bb7 8.
Qe2 e6 9. Ne5 Nc6 10. Nxc6 Bxc6 11. Be3 Bxg2 12. Rg1 Qxh2 13. O-O-O O-O-O 14.
f3 h5 15. Rxg2 Qd6 16. Ne4 Nxe4 17. fxe4 h4 18. Rh1 f6 19. Qg4 g5 20. Bxe6+ Kb8
21. e5 fxe5 22. Bxg5 Bh6 23. Bxh6 Rxh6 24. d5 Rdh8 25. Qg7 Ka8 26. Rg5 h3 27.
Qxe5 Qc5 28. Rg3 h2 29. b4 Qb6 30. Kb2 Rh5 31. Qe3 Qxe3 32. Rxe3 Rh4 33. a3 Kb7
{poor recording} 1-0

[Event "Sri Lanka National B Chess Championship 2015"]
[Site "SLIIT, Malabe"]
[Date "2015.06.19"]
[Round "1"]
[Board "10"]
[White "Nanayakkara, J A G Ganganath"]
[Black "De Silva, Elath Mathanga"]
[Result "0-1"]
[WhiteElo "1662"]
[BlackElo "1962"]
[PlyCount "156"]
[EventDate "2015.06.19"]
[EventRounds "10"]
[EventCountry "SRI"]

1. d4 Nf6 2. c4 g6 3. Nc3 c5 4. Bg5 Bg7 5. Nf3 cxd4 6. Nxd4 Qb6 7. Na4 Qa5+ 8.
Bd2 Qd8 9. e3 Ne4 10. Bb4 Na6 11. Qb3 Nxb4 12. Qxb4 O-O 13. Bd3 Nf6 14. c5 Nd5
15. Qd2 d6 16. Nb3 Bd7 17. Bc4 Nxe3 18. Qxe3 Bxa4 19. Rb1 d5 20. Be2 Bxb3 21.
Qxb3 Qa5+ 22. Kf1 Qxc5 23. g3 Bd4 24. Kg2 Bxf2 25. Rhc1 Qb6 26. Qxd5 Rad8 27.
Qf3 Be3 28. Rc3 Bc5 29. Rb3 Qc6 30. Qxc6 bxc6 31. Rc1 Rd2 32. Kf3 Rd5 33. Rbc3
Rf5+ 34. Ke4 Rf2 35. R1c2 Bd6 36. Bf3 Rxc2 37. Rxc2 c5 38. Kd5 Rb8 39. b3 h5
40. Rc4 Rc8 41. b4 Rd8 42. bxc5 Bxg3+ 43. Kc6 Bxh2 44. Kb5 Rc8 45. Bb7 Rc7 46.
Ka6 Bg1 47. c6 g5 48. Rc1 Bd4 49. Kb5 h4 50. Rd1 e5 51. Kc4 Kf8 52. Kd5 Ke7 53.
Ba6 g4 54. Be2 g3 55. Bf1 f5 56. Bh3 f4 57. Rf1 Kf6 58. Kd6 Bb6 59. Bg2 Kf5 60.
Bh3+ Ke4 61. Bg2+ Kd4 62. Rf3 Rh7 63. Bh3 Ke4 64. Rb3 f3 65. Rb4+ Ke3 66. Kxe5
g2 67. Rb3+ Kf2 68. Kf4 Rf7+ 69. Bf5 Rxf5+ 70. Kxf5 g1=Q 71. Ke5 Qh2+ 72. Ke6
Qc7 73. Kd5 h3 74. Rb2+ Kg1 75. Rb1+ Kg2 76. Rb2+ f2 77. Rc2 h2 78. Ke4 h1=Q
 0-1

[Event "Sri Lanka National B Chess Championship 2015"]
[Site "SLIIT, Malabe"]
[Date "2015.06.19"]
[Round "1"]
[Board "11"]
[White "Lamawansa, Yasas"]
[Black "Ellawela, Suveen"]
[Result "1/2-1/2"]
[WhiteElo "1960"]
[BlackElo "1659"]
[PlyCount "105"]
[EventDate "2015.06.19"]
[EventRounds "10"]
[EventCountry "SRI"]

1. d4 d5 2. c4 e6 3. Nf3 c6 4. g3 f5 5. Bg2 Nf6 6. O-O Bd6 7. b3 O-O 8. Ba3 Ne4
9. Bxd6 Qxd6 10. Nfd2 Nd7 11. f3 Nef6 12. Nc3 e5 13. e3 f4 14. cxd5 cxd5 15.
gxf4 exf4 16. e4 Qb4 17. Ne2 g5 18. Rc1 b6 19. e5 Ne8 20. Bh3 Ng7 21. Rc7 Rd8
22. Nb1 Ne8 23. Be6+ Kh8 24. Rxc8 Raxc8 25. Bxd5 Nxe5 26. a3 Qa5 27. Be6 Rc6
28. b4 Qa6 29. Bf5 Qb5 30. Nbc3 Nxf3+ 31. Rxf3 Qxf5 32. d5 Rcd6 33. Qd4+ Qf6
34. Qe4 Qg6 35. Qe5+ Qg7 36. Qe4 Nf6 37. Qf5 Nxd5 38. Ne4 Ne7 39. Qg4 Rd3 40.
Rxd3 Rxd3 41. Qe6 f3 42. N2g3 Qd4+ 43. Nf2 Rd1+ 44. Nf1 Rxf1+ 45. Kxf1 Qa1+ 46.
Qe1 Qxe1+ 47. Kxe1 Nf5 48. Kd2 Kg7 49. Kd3 Nd6 50. a4 Kf7 51. Ke3 a5 52. bxa5
bxa5 53. Kxf3 1/2-1/2

[Event "Sri Lanka National B Chess Championship 2015"]
[Site "SLIIT, Malabe"]
[Date "2015.06.19"]
[Round "1"]
[Board "12"]
[White "Theekshana, H G Denuwan"]
[Black "Priyankara, Chamil"]
[Result "0-1"]
[WhiteElo "1654"]
[BlackElo "1959"]
[PlyCount "52"]
[EventDate "2015.06.19"]
[EventRounds "10"]
[EventCountry "SRI"]

1. d4 Nf6 2. Nf3 g6 3. Bf4 Bg7 4. e3 O-O 5. Nbd2 d6 6. Be2 Nh5 7. Bg3 Nd7 8.
Ng5 Nxg3 9. hxg3 h6 10. Ngf3 e5 11. c3 Qe7 12. Qb3 c5 13. d5 e4 14. Nh2 Nf6 15.
O-O-O Bd7 16. Nhf1 b5 17. f3 c4 18. Qc2 Bf5 19. fxe4 Nxe4 20. Nxe4 Bxe4 21. Qd2
b4 22. cxb4 Rfc8 23. Qe1 Rab8 24. a3 a5 25. Rh4 axb4 26. Nd2 Qe5 0-1

[Event "Sri Lanka National B Chess Championship 2015"]
[Site "SLIIT, Malabe"]
[Date "2015.06.19"]
[Round "1"]
[Board "13"]
[White "Thilakarathne, G M H"]
[Black "Gamage, H Charanga Jithmal"]
[Result "1/2-1/2"]
[WhiteElo "1950"]
[BlackElo "1653"]
[PlyCount "81"]
[EventDate "2015.06.19"]
[EventRounds "10"]
[EventCountry "SRI"]

1. e4 c5 2. Nf3 Nc6 3. d4 cxd4 4. Nxd4 g6 5. c4 Bg7 6. Be3 d6 7. Nc3 Nf6 8. Be2
Bd7 9. O-O h5 10. f3 a6 11. Qd2 b6 12. Rfd1 Qc8 13. Nxc6 Qxc6 14. b4 a5 15. b5
Qc7 16. Na4 Rb8 17. Rac1 Be6 18. e5 Nd7 19. exd6 exd6 20. Qxd6 Be5 21. Qxc7
Bxc7 22. c5 bxc5 23. b6 Nxb6 24. Nxc5 Na8 25. Nxe6 fxe6 26. Bd3 Kf7 27. Bg5 Bd8
28. Bf4 Rb4 29. Be4 Nb6 30. Be5 Re8 31. h3 Bf6 32. Rc7+ Re7 33. Rxe7+ Bxe7 34.
Kh2 Nc4 35. Bg3 Ne3 36. Re1 Nf5 37. Be5 Bf6 38. Bc7 Rb2 39. Bxa5 Be5+ 40. Kg1
Bg3 41. Bc3 1/2-1/2

[Event "Sri Lanka National B Chess Championship 2015"]
[Site "SLIIT, Malabe"]
[Date "2015.06.19"]
[Round "1"]
[Board "14"]
[White "Priyadarshana, Y Danushka"]
[Black "Herath, H M A K"]
[Result "1/2-1/2"]
[WhiteElo "1641"]
[BlackElo "1910"]
[PlyCount "111"]
[EventDate "2015.06.19"]
[EventRounds "10"]
[EventCountry "SRI"]

1. e4 c5 2. Nc3 Nc6 3. Nge2 g6 4. d4 cxd4 5. Nxd4 Bg7 6. Be3 d6 7. Be2 Nf6 8.
O-O O-O 9. Nxc6 bxc6 10. Qd2 Qc7 11. Bh6 Rd8 12. Bxg7 Kxg7 13. Qe3 Rb8 14. b3
Qb6 15. Qxb6 Rxb6 16. Bd3 d5 17. exd5 cxd5 18. f4 e6 19. Ne2 Ba6 20. Rfc1 Rc8
21. Nd4 Nd7 22. Bxa6 Rxa6 23. c4 dxc4 24. bxc4 Ra4 25. Nb5 Rc6 26. Rc3 Nb6 27.
c5 Nd5 28. Rc2 Ra5 29. Rb1 a6 30. Nd6 Raxc5 31. Rxc5 Rxc5 32. Rb7 Rc1+ 33. Kf2
Rc2+ 34. Kf3 Rxa2 35. Nxf7 Ra3+ 36. Kf2 Nxf4 37. Ng5+ Kf6 38. Nxh7+ Ke5 39. Nf8
g5 40. g3 Nh3+ 41. Ke2 Ra2+ 42. Ke3 g4 43. Rg7 Ra3+ 44. Kd2 Ra4 45. Rg6 Rd4+
46. Kc3 Rd8 47. Nxe6 Rd6 48. Nf8 Rxg6 49. Nxg6+ Ke4 50. Ne7 Ng5 51. Ng8 Nf3 52.
Nf6+ Kf5 53. Nxg4 Kxg4 54. Kb4 Nxh2 55. Ka5 Kxg3 56. Kxa6 1/2-1/2

[Event "Sri Lanka National B Chess Championship 2015"]
[Site "SLIIT, Malabe"]
[Date "2015.06.19"]
[Round "1"]
[Board "15"]
[White "Hapuarachchi, H L M"]
[Black "Nirmalarajah, S"]
[Result "1-0"]
[WhiteElo "1900"]
[BlackElo "1621"]
[PlyCount "77"]
[EventDate "2015.06.19"]
[EventRounds "10"]
[EventCountry "SRI"]

1. e4 e5 2. Nf3 Nc6 3. Bb5 a6 4. Ba4 Nf6 5. O-O b5 6. Bb3 Be7 7. Re1 O-O 8. d4
d6 9. c3 Bg4 10. d5 Na5 11. Bc2 c5 12. Nbd2 Rc8 13. b3 Qc7 14. h3 Bh5 15. Nf1
Nb7 16. Ng3 Bg6 17. Nh4 Nd7 18. Nhf5 Bf6 19. Qg4 Rfe8 20. h4 Nf8 21. Ne3 h6 22.
Nef5 Kh7 23. Re3 Qd7 24. Rf3 Rc7 25. Nh5 Bxh5 26. Qxh5 Qd8 27. Nxh6 g6 28. Qg4
Bg7 29. Nxf7 Qd7 30. Ng5+ Kg8 31. Qg3 Qd8 32. Be3 Ree7 33. Qh3 Qe8 34. Rg3 Nd8
35. Bd1 Nf7 36. Bg4 Nd8 37. h5 Bh6 38. hxg6 Qxg6 39. Bh5 1-0

[Event "Sri Lanka National B Chess Championship 2015"]
[Site "SLIIT, Malabe"]
[Date "2015.06.19"]
[Round "1"]
[Board "16"]
[White "Siriwardena, G T D"]
[Black "Gunaratne, Mojitha Sathsara"]
[Result "0-1"]
[WhiteElo "1599"]
[BlackElo "1899"]
[PlyCount "82"]
[EventDate "2015.06.19"]
[EventRounds "10"]
[EventCountry "SRI"]

1. e4 e5 2. Nf3 Nc6 3. Bb5 a6 4. Ba4 Nf6 5. O-O Be7 6. Re1 b5 7. Bb3 O-O 8. d4
d6 9. c3 Bg4 10. d5 Na5 11. Bc2 c5 12. Nbd2 Ne8 13. h3 Bd7 14. g4 g6 15. Nf1
Nc4 16. b3 Nb6 17. Ng3 Ng7 18. Bh6 c4 19. Nd2 Qc8 20. bxc4 Nxc4 21. Nxc4 Qxc4
22. Qd3 Rfc8 23. Qxc4 Rxc4 24. Re3 a5 25. Bb3 Rc5 26. a4 Rb8 27. axb5 Rcxb5 28.
Bc2 Bd8 29. Ree1 Rc5 30. Ne2 Ne8 31. Be3 Rcc8 32. Bd3 Bb5 33. Ba7 Bxd3 34. Bxb8
Rxb8 35. Nc1 Bc4 36. Ra4 Bb5 37. Ra3 Bb6 38. Na2 Bc4 39. Rb1 Bxf2+ 40. Kxf2
Rxb1 41. Rxa5 Rb2+ 0-1

[Event "Sri Lanka National B Chess Championship 2015"]
[Site "SLIIT, Malabe"]
[Date "2015.06.19"]
[Round "1"]
[Board "17"]
[White "Thilakarathne, G M S"]
[Black "Raheem, T Akeel"]
[Result "1-0"]
[WhiteElo "1890"]
[BlackElo "1567"]
[PlyCount "31"]
[EventDate "2015.06.19"]
[EventRounds "10"]
[EventCountry "SRI"]

1. e4 e5 2. Nc3 Nc6 3. Bc4 Nf6 4. d3 d6 5. Nge2 Be7 6. O-O a6 7. a4 Be6 8. Bxe6
fxe6 9. f4 Qd7 10. Bd2 exf4 11. Nxf4 e5 12. Nfd5 O-O 13. Nxe7+ Nxe7 14. Bg5 Qg4
15. Qxg4 Nxg4 16. Bxe7 1-0

[Event "Sri Lanka National B Chess Championship 2015"]
[Site "SLIIT, Malabe"]
[Date "2015.06.19"]
[Round "1"]
[Board "18"]
[White "Amarasekara, Lakmal"]
[Black "De Silva, Osheen"]
[Result "1-0"]
[WhiteElo "1540"]
[BlackElo "1888"]
[PlyCount "59"]
[EventDate "2015.06.19"]
[EventRounds "10"]
[EventCountry "SRI"]

1. e4 c5 2. Nc3 d6 3. f4 g6 4. Nf3 Bg7 5. Bc4 e6 6. d3 Ne7 7. a4 Nbc6 8. O-O a6
9. Qe1 Nd4 10. Nxd4 cxd4 11. Ne2 O-O 12. Qh4 Nc6 13. Qxd8 Rxd8 14. Rb1 Na5 15.
Ba2 b5 16. Bd2 Nb7 17. a5 Bd7 18. b4 Rac8 19. Rbc1 Rc7 20. Bb3 Rdc8 21. g4 Nd8
22. f5 e5 23. c3 dxc3 24. Rxc3 Rxc3 25. Nxc3 Bh6 26. Be1 Be3+ 27. Kg2 Bc6 28.
fxg6 hxg6 29. Rf6 Bg5 30. Rxg6+ 1-0

[Event "Sri Lanka National B Chess Championship 2015"]
[Site "SLIIT, Malabe"]
[Date "2015.06.19"]
[Round "1"]
[Board "19"]
[White "Nanayakkara, J A K Saranath"]
[Black "Weerakoon, R K B"]
[Result "0-1"]
[WhiteElo "1872"]
[BlackElo "1535"]
[PlyCount "94"]
[EventDate "2015.06.19"]
[EventRounds "10"]
[EventCountry "SRI"]

1. Nf3 Nf6 2. g3 g6 3. Bg2 Bg7 4. O-O d6 5. d3 O-O 6. e4 c5 7. c3 Nc6 8. Re1
Qc7 9. h3 Nd7 10. Na3 a6 11. Nc2 b5 12. d4 Bb7 13. Be3 Rac8 14. Rc1 Qb8 15. h4
cxd4 16. Ncxd4 Nce5 17. Nxe5 Nxe5 18. b3 Qa8 19. Bf4 Nc6 20. Nxc6 Bxc6 21. Qe2
Bb7 22. Qd3 Rfd8 23. c4 b4 24. f3 a5 25. Be3 Qb8 26. Bb6 Rd7 27. Bxa5 Qa7+ 28.
Kf1 Qxa5 29. Rc2 e6 30. Rec1 d5 31. exd5 exd5 32. Bh3 f5 33. g4 Rcd8 34. c5 Ba6
35. Rc4 dxc4 36. Qb1 c3+ 37. Kg2 Rd2+ 38. Kh1 Be5 39. Bg2 Qxc5 40. Rg1 Qf2 41.
Qe1 Qxe1 42. Rxe1 c2 43. Rxe5 c1=Q+ 44. Kh2 Rxg2+ 45. Kxg2 Qd2+ 46. Kg3 f4+ 47.
Kh3 Bf1# 0-1

[Event "Sri Lanka National B Chess Championship 2015"]
[Site "SLIIT, Malabe"]
[Date "2015.06.19"]
[Round "1"]
[Board "20"]
[White "Gunawardena, I M P T"]
[Black "Liyanapathirana, Pasan Vindula"]
[Result "1/2-1/2"]
[WhiteElo "1532"]
[BlackElo "1847"]
[PlyCount "94"]
[EventDate "2015.06.19"]
[EventRounds "10"]
[EventCountry "SRI"]

1. e4 e6 2. d4 d5 3. Nc3 a6 4. e5 c5 5. Nf3 Nc6 6. Ne2 cxd4 7. Nexd4 Nge7 8. c3
Qc7 9. Nxc6 Nxc6 10. Bf4 Bd7 11. Bd3 f6 12. Bg3 f5 13. Bxf5 exf5 14. e6 Qc8 15.
exd7+ Qxd7 16. O-O Be7 17. Ne5 Nxe5 18. Bxe5 O-O 19. Qd4 Rac8 20. Rad1 Rfd8 21.
Rd3 Rc4 22. Qxc4 dxc4 23. Rxd7 Rxd7 24. Bd4 Kf7 25. Re1 Bf6 26. Bxf6 Kxf6 27.
Kf1 b5 28. a3 g5 29. Ke2 g4 30. f3 Re7+ 31. Kf2 Rxe1 32. Kxe1 gxf3 33. gxf3 Kg5
34. Kf2 Kf4 35. Ke2 Ke5 36. Kf2 a5 37. Ke2 Kf4 38. Kf2 Kg5 39. Ke3 Kh4 40. Kf4
Kh3 41. Kxf5 Kxh2 42. Kg5 Kg3 43. f4 h5 44. f5 h4 45. f6 h3 46. f7 h2 47. f8=Q
h1=Q 1/2-1/2

[Event "Sri Lanka National B Chess Championship 2015"]
[Site "SLIIT, Malabe"]
[Date "2015.06.19"]
[Round "1"]
[Board "21"]
[White "Dassanayake, D M G S"]
[Black "Fernando, W V A Tithira Damind"]
[Result "1/2-1/2"]
[WhiteElo "1845"]
[BlackElo "1508"]
[PlyCount "38"]
[EventDate "2015.06.19"]
[EventRounds "10"]
[EventCountry "SRI"]

1. d4 d5 2. c4 e6 3. Nc3 c6 4. Nf3 dxc4 5. a4 Bb4 6. e3 b5 7. Ne5 Nf6 8. Bd2
Bxc3 9. bxc3 Bb7 10. Qb1 Qb6 11. Be2 O-O 12. O-O Nbd7 13. f4 a6 14. Rf3 c5 15.
Rh3 Nxe5 16. fxe5 Be4 17. Qe1 Nd5 18. Qh4 Bg6 19. Bh5 Qd8 1/2-1/2

[Event "Sri Lanka National B Chess Championship 2015"]
[Site "SLIIT, Malabe"]
[Date "2015.06.19"]
[Round "1"]
[Board "22"]
[White "Sathkumara, S M S C"]
[Black "Prabajith, Asela"]
[Result "0-1"]
[WhiteElo "1486"]
[BlackElo "1845"]
[PlyCount "76"]
[EventDate "2015.06.19"]
[EventRounds "10"]
[EventCountry "SRI"]

1. e4 c5 2. Nc3 g6 3. f4 Bg7 4. Nf3 Nc6 5. Bb5 Nd4 6. O-O e6 7. d3 a6 8. Bc4 b5
9. Bb3 Qb6 10. Kh1 Bb7 11. Be3 Ne7 12. a4 O-O 13. Ne5 Qc7 14. axb5 Nxb3 15.
cxb3 d6 16. b6 Qd8 17. Nc4 d5 18. Na5 Qxb6 19. Nxb7 Qxb7 20. Bxc5 dxe4 21. Nxe4
Bxb2 22. Qf3 Kh8 23. Rab1 Bg7 24. Qf2 Kg8 25. Qh4 f6 26. Qh3 Qd7 27. Ba3 f5 28.
Nc5 Qd6 29. Rfe1 e5 30. Qe3 Nd5 31. fxe5 Nxe3 32. exd6 Nc2 33. Re7 Nxa3 34.
Rbe1 Bf6 35. Rb7 Nc2 36. Rc7 Nd4 37. Nd7 Rf7 38. Rec1 Rd8 {poor recording} 0-1

[Event "Sri Lanka National B Chess Championship 2015"]
[Site "SLIIT, Malabe"]
[Date "2015.06.19"]
[Round "1"]
[Board "23"]
[White "Madushanka, Harsha"]
[Black "Dissanayake, Kamesh Janaja"]
[Result "1-0"]
[WhiteElo "1839"]
[BlackElo "1474"]
[PlyCount "79"]
[EventDate "2015.06.19"]
[EventRounds "10"]
[EventCountry "SRI"]

1. e4 e5 2. Nf3 Nc6 3. Nc3 Nf6 4. Bc4 Nxe4 5. Nxe4 d5 6. Bxd5 Qxd5 7. Nc3 Qc5
8. h3 Be7 9. d3 Bf5 10. Be3 Nd4 11. a3 O-O 12. O-O a6 13. Re1 Bf6 14. Bxd4 exd4
15. Ne4 Bxe4 16. Rxe4 Rfe8 17. Nd2 Rxe4 18. Nxe4 Qf5 19. Qg4 Qxg4 20. Nxf6+
gxf6 21. hxg4 Re8 22. Kf1 Kg7 23. f3 Kg6 24. Kf2 Re6 25. c3 dxc3 26. bxc3 Rb6
27. c4 Rb2+ 28. Ke3 Rxg2 29. Rb1 b6 30. c5 bxc5 31. Rc1 Rb2 32. Rxc5 Rb7 33. a4
Kg7 34. d4 Kf8 35. Rc6 Ke7 36. Rxa6 Rb6 37. Ra8 Ke6 38. a5 Rb5 39. a6 f5 40. a7
 1-0

[Event "Sri Lanka National B Chess Championship 2015"]
[Site "SLIIT, Malabe"]
[Date "2015.06.19"]
[Round "1"]
[Board "24"]
[White "Sandeepa, Haputhanthrige N Aks"]
[Black "Munasinghe, Thisura"]
[Result "0-1"]
[WhiteElo "1458"]
[BlackElo "1833"]
[PlyCount "64"]
[EventDate "2015.06.19"]
[EventRounds "10"]
[EventCountry "SRI"]

1. d4 Nf6 2. c4 g6 3. Nc3 Bg7 4. e4 d6 5. Nf3 O-O 6. Be2 e5 7. dxe5 dxe5 8.
Qxd8 Rxd8 9. Bg5 Re8 10. Nd5 Nxd5 11. cxd5 c6 12. Bc4 cxd5 13. Bxd5 Nc6 14.
Bxc6 bxc6 15. O-O Rb8 16. b3 Rb4 17. Rfe1 f5 18. Nd2 f4 19. f3 Ba6 20. Rac1 Re6
21. Red1 Bf8 22. Bh4 Rd6 23. Bf2 Be2 24. Bc5 Rd7 25. Bxf8 Kxf8 26. Kf2 Bxd1 27.
Rxd1 Rbd4 28. Ke2 Kg7 29. Ke1 g5 30. h3 Kh6 31. Ke2 Kh5 32. Ke1 Kh4 0-1

[Event "Sri Lanka National B Chess Championship 2015"]
[Site "SLIIT, Malabe"]
[Date "2015.06.19"]
[Round "1"]
[Board "25"]
[White "Amarasinghe, A A C B"]
[Black "Wimalasuriya, M Sachithra"]
[Result "1-0"]
[WhiteElo "1829"]
[BlackElo "1443"]
[PlyCount "53"]
[EventDate "2015.06.19"]
[EventRounds "10"]
[EventCountry "SRI"]

1. e4 d5 2. exd5 Qxd5 3. Nc3 Qd8 4. d4 e6 5. Nf3 Nc6 6. Bd3 Nf6 7. Bg5 Be7 8.
Qe2 h6 9. Be3 Bb4 10. a3 Bxc3+ 11. bxc3 Nd5 12. Bd2 a6 13. c4 Nde7 14. Bc3 Rg8
15. O-O f5 16. Rfe1 Kf7 17. Rad1 Re8 18. d5 exd5 19. Ne5+ Nxe5 20. Qxe5 Rg8 21.
cxd5 Nxd5 22. Bxf5 c6 23. Be6+ Bxe6 24. Qxe6+ Kf8 25. Bb4+ Nxb4 26. Rxd8+ Rxd8
27. Qf5# 1-0

[Event "Sri Lanka National B Chess Championship 2015"]
[Site "SLIIT, Malabe"]
[Date "2015.06.19"]
[Round "1"]
[Board "26"]
[White "Herath, H M H C B"]
[Black "Weerasinghe, Chamath"]
[Result "1/2-1/2"]
[WhiteElo "1438"]
[BlackElo "1825"]
[PlyCount "45"]
[EventDate "2015.06.19"]
[EventRounds "10"]
[EventCountry "SRI"]

1. d4 Nf6 2. c4 e6 3. Nc3 d5 4. Nf3 c6 5. Bf4 Be7 6. e3 Nbd7 7. h3 O-O 8. c5
Qa5 9. Qa4 Qxa4 10. Nxa4 b6 11. b4 a5 12. Ne5 axb4 13. Nxc6 Bxc5 14. Nxc5 bxc5
15. dxc5 b3 16. a4 Re8 17. Bd6 Ne4 18. Bb5 Nc3 19. Ne7+ Kh8 20. Kd2 b2 21. Kxc3
bxa1=Q+ 22. Rxa1 Ra7 23. Nc6 1/2-1/2